Hydraulic Fracture Mechanics (Record no. 559938)
[ view plain ]
| 000 -LEADER | |
|---|---|
| fixed length control field | 00310nam a2200121Ia 4500 |
| 008 - FIXED-LENGTH DATA ELEMENTS--GENERAL INFORMATION | |
| fixed length control field | 210428s9999 xx 000 0 und d |
| 082 ## - DEWEY DECIMAL CLASSIFICATION NUMBER | |
| Classification number | 627 V135 H |
| 100 ## - MAIN ENTRY--PERSONAL NAME | |
| Personal name | Peter Valko |
| 9 (RLIN) | 52172 |
| 245 #0 - TITLE STATEMENT | |
| Title | Hydraulic Fracture Mechanics |
| 260 ## - PUBLICATION, DISTRIBUTION, ETC. | |
| Name of publisher, distributor, etc. | John Wiley & Sons |
| Place of publication, distribution, etc. | New York |
| Date of publication, distribution, etc. | 1995 |
| 300 ## - PHYSICAL DESCRIPTION | |
| Extent | 298p. |
| 942 ## - ADDED ENTRY ELEMENTS (KOHA) | |
| Koha item type | Book |
| Withdrawn status | Lost status | Damaged status | Not for loan | Permanent Location | Current Location | Date acquired | Total Checkouts | Full call number | Barcode | Date last seen | Price effective from | Koha item type |
|---|---|---|---|---|---|---|---|---|---|---|---|---|
| School of Chemical & Materials Engineering (SCME) | School of Chemical & Materials Engineering (SCME) | 02/11/8 | 627 V135 H | SCME-86 | 04/28/2021 | 04/28/2021 | Book |
